U.S. States with the Southernmost Northernmost Point - Statistics

General Stats
  • This quiz has been taken 49 times
  • The average score is 9 of 10
Answer Stats
Latitude State % Correct
31.01° N Florida
100%
36.50° N Texas
100%
35.00° N Georgia
98%
33.02° N Louisiana
98%
35.01° N Alabama
96%
22.23° N Hawaii
93%
34.99° N Mississippi
93%
35.12° N South Carolina
93%
36.49° N Arkansas
84%
36.58° N North Carolina
76%
No matching quizzes found
Score Distribution
Percent of People with Each Score
Percentile by Number Answered
Your Score History
You have not taken this quiz